000 00322nam a2200109Ia 4500
008 171211s9999 xx 000 0 und d
245 _aHistorical Dictionary of the Crusades
245 _cCorliss K. Slack
260 _c2003
650 _xEncyclopedia and Dictionary
856 _uhttp://down.ebook777.com/058/0810848554.pdf
999 _c350157
_d350157